| 000 | 003410000a22001570004500 | ||
|---|---|---|---|
| 001 | 003611 | ||
| 003 | MACL | ||
| 040 | _aMACL | ||
| 090 |
_c15604 _d15603 |
||
| 100 | _aSen, Krishna | ||
| 245 |
_aTegore _bAnd Modernity _cKrishna Sen |
||
| 260 |
_aDas Gupta & Com., _c2006 |
||
| 350 | _a300 | ||
| 650 | _aGeneral Collaction | ||
| 942 |
_k80 _cBook |
||
| 999 |
_c15509 _d15509 |
||